000 00296nam a22001337a 4500
008 170411b xxu||||| |||| 00| 0 eng d
020 _a08964071448
041 _aeng
080 _a616
100 _a9
101 _aSHM
245 _aPRACTICAL FORENSIC PATOLOGY
_cWETLI.SH.V
942 _2udc
_cBK
999 _c10292
_d10292